Vista normal Vista MARC

Entrada Topical Term

Número de registros utilizados en: 1

001 - CONTROL NUMBER

  • control field: 8731

003 - CONTROL NUMBER IDENTIFIER

  • control field: OSt

005 - DATE AND TIME OF LATEST TRANSACTION

  • control field: 20200813154230.0

008 - FIXED-LENGTH DATA ELEMENTS

  • fixed length control field: 200813|| aca||aabn | a|a d

040 ## - CATALOGING SOURCE

  • Original cataloging agency: OSt
  • Transcribing agency: OSt

150 ## - HEADING--TOPICAL TERM

  • Topical term or geographic name entry element: Derecho administrativo
  • General subdivision: aspectos jurídicos
  • Geographic subdivision: Colombia

670 ## - SOURCE DATA FOUND

  • Source citation: Work cat.: (OSt)3643: Santofimio Gamboa, Jaime Orlando, autor 508, La fuerza de los procedentes administrativos en el sistema jurídico del Derecho positivo colombiano / , 2010